<?xml version="1.0" encoding="UTF-8"?>
<record
    xmlns:xsi="http://www.w3.org/2001/XMLSchema-instance"
    xsi:schemaLocation="http://www.loc.gov/MARC21/slim http://www.loc.gov/standards/marcxml/schema/MARC21slim.xsd"
    xmlns="http://www.loc.gov/MARC21/slim">

  <leader>01134nam2a22002531  4500</leader>
  <controlfield tag="001">rc\4126654</controlfield>
  <controlfield tag="005">20250611002218.0</controlfield>
  <datafield tag="021" ind1=" " ind2=" ">
    <subfield code="a">RU</subfield>
    <subfield code="b">[54-48435]</subfield>
  </datafield>
  <datafield tag="035" ind1=" " ind2=" ">
    <subfield code="a">(NLR Aleph) 007983683</subfield>
  </datafield>
  <datafield tag="090" ind1=" " ind2=" ">
    <subfield code="a">8535252</subfield>
    <subfield code="c">8535252</subfield>
  </datafield>
  <datafield tag="100" ind1=" " ind2=" ">
    <subfield code="a">20130415d1954    |||y0rusy50      ca</subfield>
  </datafield>
  <datafield tag="101" ind1="1" ind2=" ">
    <subfield code="a">rus</subfield>
    <subfield code="c">pol</subfield>
  </datafield>
  <datafield tag="102" ind1=" " ind2=" ">
    <subfield code="a">RU</subfield>
  </datafield>
  <datafield tag="105" ind1=" " ind2=" ">
    <subfield code="a">y   z   |||a|</subfield>
  </datafield>
  <datafield tag="200" ind1="1" ind2=" ">
    <subfield code="a">Bene nati (&#x411;&#x43B;&#x430;&#x433;&#x43E;&#x440;&#x43E;&#x434;&#x43D;&#x44B;&#x435;)</subfield>
    <subfield code="a">&#x41F;&#x440;&#x435;&#x440;&#x432;&#x430;&#x43D;&#x43D;&#x430;&#x44F; &#x438;&#x434;&#x438;&#x43B;&#x43B;&#x438;&#x44F;</subfield>
    <subfield code="a">&#x410;&#x440;&#x433;&#x43E;&#x43D;&#x430;&#x432;&#x442;&#x44B;</subfield>
    <subfield code="e">[&#x41F;&#x43E;&#x432;&#x435;&#x441;&#x442;&#x438;</subfield>
    <subfield code="f">&#x41F;&#x435;&#x440;.: &#x415;. &#x420;&#x438;&#x444;&#x442;&#x438;&#x43D;&#x43E;&#x439;]</subfield>
  </datafield>
  <datafield tag="210" ind1=" " ind2=" ">
    <subfield code="d">1954</subfield>
    <subfield code="a">&#x411;. &#x43C;.</subfield>
  </datafield>
  <datafield tag="215" ind1=" " ind2=" ">
    <subfield code="a">504 &#x441;.</subfield>
    <subfield code="d">20</subfield>
  </datafield>
  <datafield tag="461" ind1=" " ind2="0">
    <subfield code="1">001rc\4126650</subfield>
    <subfield code="1">2001#$a&#x421;&#x43E;&#x447;&#x438;&#x43D;&#x435;&#x43D;&#x438;&#x44F;$e&#x412; 5 &#x442;.$e[&#x41F;&#x435;&#x440;. &#x441; &#x43F;&#x43E;&#x43B;.$f&#x412;&#x441;&#x442;&#x443;&#x43F;. &#x441;&#x442;&#x430;&#x442;&#x44C;&#x44F; &#x415;. &#x426;&#x44B;&#x431;&#x435;&#x43D;&#x43A;&#x43E;, &#x441;. 5-25]. &#x422;. 1-5$v&#x422;. 4</subfield>
    <subfield code="1">700#1$a&#x41E;&#x436;&#x435;&#x448;&#x43A;&#x43E;$b&#x42D;.$f1841-1910$g&#x42D;&#x43B;&#x438;&#x437;&#x430;</subfield>
    <subfield code="9">8535228</subfield>
    <subfield code="a">&#x41E;&#x436;&#x435;&#x448;&#x43A;&#x43E;, &#x42D;. (1841-1910)</subfield>
    <subfield code="c">&#x41C;&#x43E;&#x441;&#x43A;&#x432;&#x430;</subfield>
    <subfield code="d">1953-1954</subfield>
    <subfield code="f">&#x412;&#x441;&#x442;&#x443;&#x43F;. &#x441;&#x442;&#x430;&#x442;&#x44C;&#x44F; &#x415;. &#x426;&#x44B;&#x431;&#x435;&#x43D;&#x43A;&#x43E;, &#x441;. 5-25]. &#x422;. 1-5</subfield>
    <subfield code="n">&#x413;&#x43E;&#x441;&#x43B;&#x438;&#x442;&#x438;&#x437;&#x434;&#x430;&#x442;</subfield>
    <subfield code="o">&#x412; 5 &#x442;. : [&#x41F;&#x435;&#x440;. &#x441; &#x43F;&#x43E;&#x43B;.</subfield>
    <subfield code="p">5 &#x442;.</subfield>
    <subfield code="t">&#x421;&#x43E;&#x447;&#x438;&#x43D;&#x435;&#x43D;&#x438;&#x44F;</subfield>
    <subfield code="v">&#x422;. 4</subfield>
  </datafield>
  <datafield tag="702" ind1=" " ind2="1">
    <subfield code="a">&#x420;&#x438;&#x444;&#x442;&#x438;&#x43D;&#x430;</subfield>
    <subfield code="b">&#x415;.</subfield>
    <subfield code="4">730</subfield>
  </datafield>
  <datafield tag="801" ind1=" " ind2="0">
    <subfield code="a">RU</subfield>
    <subfield code="b">NLR</subfield>
    <subfield code="g">psbo</subfield>
  </datafield>
  <datafield tag="801" ind1=" " ind2="1">
    <subfield code="a">RU</subfield>
    <subfield code="b">ELAR</subfield>
    <subfield code="2">rusmarc</subfield>
  </datafield>
  <datafield tag="852" ind1=" " ind2=" ">
    <subfield code="a">NLR</subfield>
    <subfield code="j">&#x41B;60 &#x413;-3/476</subfield>
  </datafield>
  <datafield tag="942" ind1=" " ind2=" ">
    <subfield code="c">BOOK</subfield>
  </datafield>
  <datafield tag="980" ind1=" " ind2=" ">
    <subfield code="a">NB</subfield>
  </datafield>
  <datafield tag="995" ind1=" " ind2=" ">
    <subfield code="5">2013-10-26</subfield>
    <subfield code="b">NLR02</subfield>
    <subfield code="c">NLR02</subfield>
    <subfield code="e">RFS</subfield>
    <subfield code="f">7983683-10</subfield>
    <subfield code="k">&#x41B;60 &#x413;-3/476</subfield>
    <subfield code="o">0</subfield>
    <subfield code="r">BOOK</subfield>
    <subfield code="s">60_3476</subfield>
  </datafield>
</record>
